| 000 | 00473nam a2200181Ia 4500 | ||
|---|---|---|---|
| 008 | 230917s9999||||xx |||||||||||||| ||und|| | ||
| 020 | _cRS750 | ||
| 040 |
_e258339 _aMAIN |
||
| 041 | _aEnglish | ||
| 082 | _a620.105 R137T(7) | ||
| 100 | _aRajput, R K | ||
| 245 | 0 | _aTextbook of strength of materials | |
| 250 | _a7th ed. | ||
| 260 |
_aNew Delhi _bS Chand _c2018 |
||
| 300 | _axvi, 1294 p. | ||
| 500 | _a3668 14/10/2019 HBD19/7972 22/10/2019 Main Budget | ||
| 942 | _cBK | ||
| 999 |
_c33239 _d33239 |
||